00570nam a2200157 a 450000100100000000500170001000800410002704000250006808200160009324500810010926000620019030000200025204900090027295201140028199900170039500002897620200930055243.0110413s1997 dr 000 0 spa d aDO-SdBNPbspacBNPHU axxxxbB582u03aLa biblioteca UASD que es? :bdirección de los servicios bibliográficos. aSanto Domingo :bEditora Universitaria de la UASD,c1997. a16 p. ;c21 cm. aBNPD 0010718PDaPDbPDcCTd2011-04-13iLF1l0oxxxx B582up28976-10r2020-06-25w2020-06-25yLFPDZNo se presta c28468d28468